00570cam a2200145 a 4500008004100000020001500041035001200056050002600068100003500094245011200129260009200241300002100333650002400354651004600378031208s2001 ve 000 0 spa u a9800776567 aa433855 0aF2349 .B55 bR35 20011 aRamos Guédez, José Marcial10aContribución a la historia de las culturas negras en Venezuela colonial /cJosé Marcial Ramos Guédez. aCaracas, Venezuela :bInstituto Municipal de Publicaciones, Alcaldia de Caracas, c2001 a638 p. ;c22 cm. 4aNegros en Venezuela 0aVenezuela xHistoria 1yColonia, 1536-1810